000 00529cam a2200205ua 4500
001 3441
008 111105n ii |||gr||||Z||||||asm
020 _a81-85421-09-1
040 _cMAIN
082 _a891.4513
100 1 _aChattupadhyay, Sarat Chandra,
245 1 1 _aBipra das
_cby Sarat Chandra Chattupadhyay
250 _a1st.
260 _aGuwahati:
_bLawyers book stall,995.
300 _a154p:
_c23cm.
653 _aAssamese novel
653 _aBipra das
700 1 _aSaikia, Bakhundhara ,
_eTranslated.
942 _cBK
999 _c3284
_d3284